000 01040nam0a22003011 4500
001 rc\4707071
005 20130416211942.8
021 _aRU
_b[64-60862]
035 _a(NLR Aleph) 008721928
090 _a9423253
_c9423253
100 _a20130416d1964 |||y0rusy50 ca
101 0 _arus
102 _aRU
105 _aa z |||||
200 1 _aСуда строим сами
_e[Для детей]
210 _aЛенинград
_cСудостроение
_d1964
215 _a116 с.
_cил.
_d20
300 _aПеред загл. авт.: К.Н. Курденков, А.И. Преображенский, В.С. Кудишкин, Ю.А. Юркан
606 _aПлавающие модели (д. л.)
_2psbo
701 1 _aКудишкин
_bВ. С.
701 1 _aЮрхан
_bЮ. А.
701 1 _aПреображенский
_bА. И.
701 1 _aКурденков
_bК. Н.
_gКирилл Никифорович
801 0 _aRU
_bNLR
_gpsbo
801 1 _aRU
_bELAR
_2rusmarc
852 _aNLR
_j64-3/4777
942 _cBOOK
980 _aNB